000 01196nam a22003137a 4500
999 _c64681
_d64681
005 20240530110744.0
008 181119s2018 ua a g b 000 0 ara d
017 _a2016/7666
_bمصر. دار الكتب
020 _a9789776520267
040 _aEG-CaGPL
_cEG-CaGPL
082 0 4 _221
_a616.85232 \
_bخ و
100 0 _aخلفان بن سليمان بن شامس النعمانى
245 1 0 _aوظائف الدماغ والذاكرة المفقودة والنسيان واعراضها للانسان /
_cتأليف خلفان بن سليمان بن شامس النعمانى .
250 _aط.1
260 _aالاسكندرية :
_bدار الكتب والدراسات العربية ،
_c2018 .
300 _a159 ص. ؛
_c24 سم.
504 _aيشتمل على ارجاعات ببليوجرافية
650 0 7 _aالدماغ
_2qrmak
650 0 7 _aالزهايمر
650 0 7 _aالجهاز السمعى
650 0 7 _aالنسيان
650 0 7 _aالامراض المزمنة
650 0 7 _aالمخ
650 0 7 _aالذاكرة
650 0 7 _aالجهاز العصبى
651 _2qrmak
942 _2ddc
_cBK